Nitrianske Rudno rekreácia na priehrade

Zobrazenie: Pohľad na priehradu v Nitrianskom Rudne. V popredí je na brehu aj v jazere množstvo rekreantov. Vľavo v pozadí vidno výbežok brehu plný listnatých stromov a stanov. V pozadí za priehradou sú lúky a hory

Bibliographic Details
Other Authors: Hajduch, Ján, 1906-1972 (Photographer)
Format: Postcard
Language:Slovak
PhysicalDescription:1 pohľadnica čiernobiela 11 x 15 cm
Published: Praha Orbis 1969
Subjects:

MARC

LEADER 00000nkm a2200000 a 4500
001 vtls011911984
003 SK-MaSNL
005 20260512123119.0
007 kp bo
008 231120s1969 xr g kuslo
015 |a SNBG1969 
035 |a urn:nbn:sk:snk-km00eab6 
035 |a urn:nbn:sk:snk-km43gv1 
035 |a F37F8FC3-AF88-4C02-BEAB-90885AB7E39B 
040 |a SNK  |b slo  |c SNK  |e AACR2 
041 0 |a slo 
043 |a e-xo--- 
044 |a xr  |c CZ 
072 7 |a 913  |x Regionálna geografia  |2 konspekt 
080 |a 913(437.6)  |2 2011 
080 |a 627.8  |2 2011 
080 |a (084.121)  |2 2011 
100 1 |a Hajduch, Ján,  |d 1906-1972  |4 pht  |9 98286 
245 1 0 |a Nitrianske Rudno  |h grafika  |b rekreácia na priehrade  |c foto J. Hajduch 
260 |a Praha  |b Orbis  |c 1969 
300 |a 1 pohľadnica  |b čiernobiela  |c 11 x 15 cm 
500 |a Na adresnej časti pohľadnice uvedené: "Foto © J. Hajduch" 
520 8 |a Zobrazenie: Pohľad na priehradu v Nitrianskom Rudne. V popredí je na brehu aj v jazere množstvo rekreantov. Vľavo v pozadí vidno výbežok brehu plný listnatých stromov a stanov. V pozadí za priehradou sú lúky a hory 
650 0 7 |a priehrady  |2 SNKPH  |9 21151 
651 7 |a Nitrianske Rudno (Slovensko)  |2 SNKPHgeo  |9 117510 
655 7 |a miestne pohľadnice  |2 SNKPH  |9 70510 
852 |a Slovenská národná knižnica 
954 |a pohľadnice pôvodné (slovenské)  |2 lita 
954 |a pohľadnice cudzojazyčné (svetové)  |2 lita 
958 |a GBN 
958 |a GC 
958 |a OND 
958 |a EUIPO 
999 |c 692007  |d 693937 
952 |a SNK  |b SNK  |y PREZ  |7 0  |p 17A1078238  |o snkSP 5313  |0 0  |1 0  |4 0  |d 2020-01-20  |f 1  |l 0  |r 2026-02-23 20:30:35  |w 2026-02-23